00741nam a2200241 a 45000010008000000030012000080050017000200080041000370100017000780200015000950400022001100500022001320820018001541000024001722450079001962500012002752600041002873000047003285000020003755040030003956500043004257000031004682825981NUST - PNEC20170116181102.0831104s1985 ilua b 001 0 eng  a 83082967  a0256030324 aDLCcLIBRARYdDLC00aTS155b.H377 198500a658.5 MOO2191 aHendrick, Thomas E.10aProduction/operations management /cThomas E. Hendrick, Franklin G. Moore. a9th ed. aHomewood, Ill. :bR.D. Irwin,c1985. axvii, 693 p. :bill. (some col.) ;c25 cm. aIncludes index. aBibliography: p. 673-679. bManagement information managementxMIS1 aMoore, Franklin G.,d1905-